| 000 | 00340nam a2200109Ia 4500 | ||
|---|---|---|---|
| 008 | 220204s9999 xx 000 0 und d | ||
| 082 |
_a339.1 _bBAL |
||
| 100 | _aBALASSA, Bela | ||
| 245 | 0 | _aStructural change in trade in manufactured goods between industrial and developing countries | |
| 260 |
_aWashington _bBala Balassa _c1980 |
||
| 942 | _cBK | ||
| 999 |
_c38349 _d38349 |
||